Návrh a vývoj klientskej aplikácie pre systém správy a riadenia toku technickej dokumentácie AIM : Diplomová práca

Salvato in:
Dettagli Bibliografici
Autore principale: Pekarčík, Ľuboslav (Autore)
Altri autori: Božek, Pavol, 1954- (xxx)
Natura: Manoscritto Libro
Lingua:slovacco
Pubblicazione: Trnava : STU v Bratislave MtF KAIA, 1999
Soggetti:
Tags: Aggiungi Tag
Nessun Tag, puoi essere il primo ad aggiungerne!!

MARC

LEADER 00000ntm a22000003a 4500
001 stu74259
005 20160719155053.3
008 020225s1999----xo------------------slo-d
040 |a STU  |b slo 
041 0 |a slo 
044 |a xo 
100 1 |a Pekarčík, Ľuboslav  |4 aut 
245 1 |a Návrh a vývoj klientskej aplikácie pre systém správy a riadenia toku technickej dokumentácie AIM :  |b Diplomová práca 
260 |a Trnava :  |b STU v Bratislave MtF KAIA,  |c 1999 
300 |a 58 s  |c výťah + disk. 
650 7 |a AIM-systémy  |2 stusub 
650 7 |a Dokumentácia technická  |2 stusub 
650 7 |a Strojárska aplikovaná informatika  |2 stusub 
700 1 |a Božek, Pavol,  |d 1954-  |4 xxx  |u M6000  |U MTF Materiálovotechnologická fakulta  |T MTF Ústav aplikovanej informatiky, automatizácie a matematiky  |X 320  |U M6000  |Y 86  |7 A000000320 
996 |b 284M041751  |c M*DP-1161  |l MMSKP  |s P  |a 0  |w stu74259_0001